Rosco de Pasapalabra #90 - Estadísticas

Estadísticas generales
  • Esta prueba ha sido intentada 403 veces
  • La puntuación promedio es 12 de 25
Estadísticas de respuestas
Inicial Definición Respuesta % Correcto
B Residuos desechados y otros desperdicios Basura
99%
D Objeto de material duro que se pone en la punta del dedo con que se empuja la aguja al coser Dedal
96%
L Voz que emite con fuerza el perro Ladrido
92%
O Culminación del placer sexual Orgasmo
86%
A Mamífero rumiante, parecido al ciervo, de pelo oscuro y astas en forma de pala Alce
78%
R Persona que tiene por oficio hacer pastas y dulces Repostero
74%
F Amistad o afecto entre hermanos o entre quienes se tratan como tales Fraternidad
70%
I Natural del país asiático con capital en Teherán Iraní
69%
T Se dice del vehículo que sirve para circular por zonas escarpadas e irregulares Todoterreno
69%
N Cierto caucho sintético utilizado para fabricar trajes de buceo Neopreno
68%
Contiene la Q Sustancia negruzca y pegajosa, usada para pavimentar carreteras Alquitrán
63%
C Galería que rodea el patio principal de una iglesia o convento Claustro
51%
S Terreno no regable Secano
48%
E Tiempo que ha vivido una persona u otro ser vivo hasta el momento que se considera Edad
47%
P Genealogía de un animal de raza Pedigrí
45%
M Juguete que consiste en una serie de piezas, generalmente metálicas, con las que se pueden componer construcciones Mecano
34%
U Sigla que designa el método de esterilización de la leche UHT
29%
G Fan muy entusiasta de un cantante o grupo musical, a los que sigue en sus conciertos Groupie
28%
Contiene la Y Cualquier cosa que está debajo de otra y sobre la que ésta descansa Apoyo
22%
Contiene la X Servicio de fax, de valor fehaciente, en una oficina de correos Burofax
20%
Contiene la Ñ Apellido del actor que protagonizó la serie "Farmacia de guardia", interpretando al personaje de Adolfo Segura Larrañaga
18%
J Entre los cristianos, indulgencia plenaria, solemne y universal, concedida por el papa en algunas ocasiones Jubileo
17%
H Apellido del historiador, autor del libro "Bibliografía ibérica del siglo XV" publicado en 1903 Haebler
2%
V Localidad de la provincia de Ávila en cuyo término municipal nace el río Adaja Villatoro
1%
Z Coloquialmente, mostrar alguien su superioridad sobre su contrincante en una riña poniéndole en situaciones apuradas Zamarrear
1%
No se encontraron pruebas coincidentes
Distribución de puntuación
Porcentaje de gente con cada puntuación
Porcentaje por número respondido
Historial de tus puntuaciones
No has intentado esta prueba.